[Event "RUS-chT Blitz Men 2018"]
[Site "Sochi"]
[Date "2018.10.10"]
[Round "5"]
[White "Bocharov, Ivan"]
[Black "Sychev, Klementy"]
[Result "0-1"]
[WhiteElo "2563"]
[BlackElo "2534"]
[Annotator "TA"]
[PlyCount "110"]
[EventDate "2018.10.10"]
[EventType "swiss"]
[EventCountry "RUS"]
[SourceTitle "playchess.com"]
[Source "ChessBase"]
[SourceQuality "1"]

{[%evp 9,110,11,11,14,17,20,20,20,18,-6,0,-76,-72,-50,-40,-94,-58,-132,-129,-171,-120,-119,-121,-143,-90,-160,-160,-172,-175,-174,-72,-95,-123,-105,-59,-318,-320,-339,-334,-341,-320,-404,-410,-390,-299,-439,-433,-434,-427,-494,-401,-923,-479,-469,-420,-433,-425,-529,-475,-474,-465,-562,-420,-525,-431,-458,-453,-739,-714,-914,-438,-436,-429,-431,-424,-391,-360,-340,0,-384,-371,-357,-346,-332,-173,-192,-181,-5305,-5365,-2351,-2300,-5406,-5402,-29990,-29991,-29991,-29992,-29992,-29993,-29997,-29998,-29998,-29999]} 1. e4 e5 2. Nf3 Nc6 3. Bc4 Nf6 4. d3 Bc5 5. O-O O-O 6. Re1 {C50: Hungarian Defence and Giuoco Pianissimo} (6. c3 d5 7. exd5 Nxd5 8. Re1 Bg4 9. Nbd2 Nb6 10. Bb5 Bd6 11. h3 Bh5 12. Ne4 Re8 13. Bg5 f6 14. Be3 a6 15. Bxc6 bxc6 16. Ng3 Bf7 17. c4 Bb4 18. Re2 Bf8 19. b3 c5 {0-1 (89) Nakamura,H (2777)-Grischuk,A (2766) Saint Louis 2018}) 6... Ng4 7. Re2 d6 8. h3 {The position is equal.} Nf6 {[%cal Bg4f6,Bf6h5,Bh5f4][%mdl 32]} 9. Bg5 $146 ({Predecessor:} 9. c3 a6 10. Bb3 h6 11. Nbd2 Be6 12. Re1 Re8 13. Nf1 Bb6 14. Ng3 Bxb3 15. axb3 d5 16. Qe2 Qd7 17. b4 Rad8 18. Bd2 dxe4 19. dxe4 Qd3 20. Kf1 {½-½ (48) Zuttioni,F (2141)-Loiacono,L (2244) Spilimbergo 2017}) 9... h6 10. Bh4 (10. Bd2 $11 {keeps the balance.}) 10... g5 $17 11. Bg3 Nh5 $36 {[%mdl 2048] Black has the initiative.} 12. Kh2 (12. Bh2 $15) 12... Kh8 13. c3 (13. Nc3 $15) 13... g4 14. Nh4 gxh3 ({Black should play} 14... Qg5 $19 {Threatens to win with ...gxh3.} 15. Nd2 Bxf2 $1 {[%mdl 512]} 16. Rxf2 Nxg3) 15. gxh3 Nf4 16. Re1 Qg5 (16... Nxh3 $142 17. Qh5 Qg5 18. Qxg5 hxg5) 17. Nd2 (17. Nf3 $142 Qh5 18. Ng1) 17... Nxh3 18. d4 exd4 19. Ndf3 Qg7 (19... Qg4 $19 {is more deadly. Hoping for ...Nxf2!} 20. Ng1 Nxg1 21. Qxg4 Bxg4 22. Rxg1 Rae8) 20. Nf5 Bxf5 21. exf5 Ng5 22. Nxd4 $2 {[%mdl 8192]} (22. b4 $15 Bb6 23. cxd4) 22... Bxd4 $19 23. cxd4 Nxd4 24. Bd5 Nxf5 25. b3 Nxg3 26. fxg3 Rae8 27. Qh5 (27. Bxb7 {was called for.} f5 28. Qd3) 27... c6 28. Bg2 d5 29. Rf1 Re5 30. Rf4 (30. Rae1 $142) 30... Rfe8 {...Ne4 is the strong threat.} 31. Raf1 R8e7 32. Qh4 Re2 33. Kh1 Re1 34. Kh2 Rxf1 35. Rxf1 Kg8 36. Qf4 a6 37. Qb8+ Kh7 38. Qd8 (38. Rf2 $142) 38... Re2 {( -> ...Qb2)} 39. Kh1 Ne4 (39... Qb2 $142 40. Qf8 Rxg2 41. Rxf7+ Kg6 42. Rg7+ Qxg7 43. Qxg7+ Kxg7 44. Kxg2 Kf6) 40. Bxe4+ Rxe4 {[%mdl 4096] Endgame KQR-KQR} ({Weaker is} 40... dxe4 41. Qd7 $11) 41. Qd7 f6 42. Qf5+ Kh8 43. Qc8+ Kh7 44. Qf5+ Kg8 45. Qc8+ {[#]} Qf8 $1 {[%cal Rf8c8]} 46. Qxb7 Re6 (46... Qe8 $142 47. Qc7 Re2) 47. Qxa6 Qe8 {And now ...Re2 would win.} 48. Rf2 $2 (48. Qd3) 48... Re1+ 49. Kg2 Qe4+ 50. Rf3 Re2+ 51. Kh3 Qxf3 {[%cal Rf3h5] Black mates.} 52. Qc8+ Kf7 {[%cal Rf3h5]} 53. Qd7+ Re7 54. Qxc6 Qh1+ 55. Kg4 Re4+ {Precision: White = 19%, Black = 39%.} 0-1

[Event "RUS-chT Blitz Men 2018"]
[Site "Sochi"]
[Date "2018.10.10"]
[Round "5"]
[White "Savchenko, Boris"]
[Black "Kobalia, Mikhail"]
[Result "1-0"]
[WhiteElo "2562"]
[BlackElo "2620"]
[Annotator "TA"]
[PlyCount "93"]
[EventDate "2018.10.10"]
[EventType "swiss"]
[EventCountry "RUS"]
[SourceTitle "playchess.com"]
[Source "ChessBase"]
[SourceQuality "1"]

{[%evp 16,93,41,47,33,36,120,119,128,0,0,14,6,-27,62,36,99,84,90,105,92,103,97,94,127,39,50,18,92,-3,210,208,181,196,200,200,199,175,239,258,282,266,345,330,487,498,475,460,551,532,1439,1381,1317,1264,1861,1863,2062,2047,2973,2592,6211,2691,29978,29980,29980,29976,29976,29977,29976,29978,29978,29978,29978,29979,29983,29984,29984,29985,29985,29986]} 1. e4 e5 2. f4 Bc5 3. Nf3 d6 4. c3 Nf6 5. d4 exd4 6. cxd4 Bb4+ 7. Bd2 Bxd2+ 8. Nbxd2 O-O 9. Bd3 c5 {C30: King's Gambit Declined} 10. d5 b5 (10... Bd7 $14) (10... Qe7 11. Qe2 Re8 12. O-O Nxd5 13. exd5 Qxe2 14. Bxe2 Rxe2 15. Rae1 Rxe1 16. Rxe1 Nd7 17. Ne4 {½-½ (34) Westerinen,H (2410)-Lejlic,S (2420) Gausdal 1996}) 11. Bxb5 $16 Qa5 $146 {White is better.} ({Predecessor:} 11... Ba6 12. Bxa6 Nxa6 13. Qe2 Nb4 14. O-O Re8 15. Qc4 a5 16. Rae1 Ra7 17. h3 {1-0 (39) Karlovich,A (2210)-Martyniuk,T Kazan 1998}) 12. Bd3 ({White must play} 12. Qa4 $16 Qxa4 13. Bxa4) 12... c4 $1 $11 {[%cal Rc4d3]} 13. Bxc4 {Hoping for Qc2.} Nxe4 $1 14. Qe2 Nxd2 (14... Re8 $11 15. O-O-O Nf6) 15. Qxd2 $14 Re8+ {[#]} (15... Qb6 $14) 16. Kf2 $1 $16 Qc5+ 17. Qd4 Qxd4+ 18. Nxd4 {Threatens to win with Rhe1.} Re4 19. Rhe1 $40 {[%mdl 128] Black is in trouble.} Rxf4+ 20. Ke3 ({Better is} 20. Kg1 $16 {[%cal Re1e8]} Bd7 21. Rad1) 20... Rf6 $1 $14 21. Rf1 {Rxf6 is the strong threat.} Nd7 (21... Rg6 $11) 22. Nb5 (22. Rxf6 $16 Nxf6 23. Nc6) 22... Ne5 $2 (22... Rh6 $11) 23. Rxf6 $18 Nxc4+ 24. Kd4 gxf6 25. Kxc4 {[%mdl 4096] Endgame KRB-KRN} Ba6 26. a4 Rc8+ (26... Rb8 $142 27. Kb4 Rb6) 27. Kb4 Rc2 {[#]} 28. b3 $1 ({Weaker is} 28. Nxd6 Rxb2+ 29. Ka5 Be2 $16) 28... Rxg2 29. Nxa7 ({Not} 29. Nxd6 Rxh2 30. Nb5 Rd2 $16) 29... f5 (29... Bb7 {was worth a try.} 30. Nb5 Bxd5) 30. Ka5 Bd3 31. b4 f4 32. b5 {And now b6 would win.} Kh8 33. b6 Rg8 34. b7 Rb8 35. Kb6 f3 36. a5 {[%cal Ba4a5,Ba5a6][%mdl 32]} f2 37. a6 f1=Q 38. Rxf1 Bxf1 39. Nc6 {White mates.} Bxa6 40. Kxa6 {KR-KN} Re8 41. b8=R Rxb8 42. Nxb8 {KN-K3P} Kg7 43. Kb6 f5 44. Nc6 Kf6 45. Kc7 f4 46. Kxd6 f3 47. Ne5 {Precision: White = 68%, Black = 30%.} 1-0

[Event "RUS-chT Blitz Men 2018"]
[Site "Sochi"]
[Date "2018.10.10"]
[Round "5"]
[White "Shcherbakov, Ruslan"]
[Black "Kamsky, Gata"]
[Result "1/2-1/2"]
[WhiteElo "2516"]
[BlackElo "2666"]
[Annotator "TA"]
[PlyCount "89"]
[EventDate "2018.10.10"]
[EventType "swiss"]
[EventCountry "RUS"]
[SourceTitle "playchess.com"]
[Source "ChessBase"]
[SourceQuality "1"]

{[%evp 18,89,16,1,41,0,39,18,42,52,57,57,55,46,60,65,79,79,84,77,84,77,78,57,49,0,43,20,29,4,33,23,34,22,30,29,26,-61,-61,-59,-52,-48,-50,-51,-45,-66,-8,-16,-13,-56,-18,-42,-19,-29,0,-10,0,0,0,0,0,-12,-13,-13,0,0,0,0,0,0,0,0,0,0]} 1. e4 c5 2. Nf3 e6 3. b3 b6 4. Bd3 (4. Bb2 Bb7 5. Bd3 Nc6 6. a3 Nf6 7. O-O d6 8. Re1 Be7 9. Bf1 O-O 10. d3 Nd7 11. Nbd2 Bf6 12. Bxf6 Nxf6 {1-0 (29) Kasimdzhanov,R (2683)-Ganguly,S (2650) Riadh 2017}) 4... Bb7 5. O-O Be7 6. Re1 {B40: Sicilian: 2...e6, Unusual lines} Nf6 7. Bb2 d6 8. c3 Nbd7 9. Bc2 O-O 10. d4 {LiveBook: 3 Games} cxd4 11. cxd4 Rc8 12. Nbd2 $146 d5 13. e5 Ne8 14. Bd3 Nc7 15. Qe2 Nb8 16. Rac1 Nca6 17. a3 Rxc1 18. Rxc1 Qd7 19. h4 Rc8 20. Re1 Nc7 {[%cal Ba6c7,Bc7b5,Bb5a3,Ba3c2][%mdl 32]} 21. Rc1 Qd8 22. Bb1 Ba6 23. Qe3 Nd7 24. h5 h6 25. Nh2 Nb5 {...Rxc1+ is the strong threat.} 26. Rxc8 Qxc8 27. a4 (27. b4 $11) 27... Na3 $36 {[%mdl 2048] Black is pushing.} 28. Bd3 Nc2 29. Qe2 Bxd3 30. Qxd3 Nb4 31. Qb1 Qc2 (31... Nb8 $15) 32. Qxc2 $11 Nxc2 33. f4 Nb8 34. Nhf3 Nc6 35. Kf2 g6 36. g4 {The position is equal.} a6 37. Ke2 b5 38. axb5 axb5 39. Kd3 N2b4+ 40. Ke2 gxh5 41. gxh5 f5 42. Ba3 Kf7 43. Bxb4 Bxb4 44. Kd3 Na5 45. Kc2 {Precision: White = 55%, Black = 48%.} 1/2-1/2

[Event "RUS-chT Blitz Men 2018"]
[Site "Sochi"]
[Date "2018.10.10"]
[Round "5"]
[White "Demidov, Mikhail"]
[Black "Bocharov, Dmitry"]
[Result "0-1"]
[WhiteElo "2514"]
[BlackElo "2557"]
[Annotator "TA"]
[PlyCount "78"]
[EventDate "2018.10.10"]
[EventType "swiss"]
[EventCountry "RUS"]
[SourceTitle "playchess.com"]
[Source "ChessBase"]
[SourceQuality "1"]

{[%evp 24,77,0,-57,-20,-22,-26,-26,-21,-42,-38,-45,-46,-47,-48,-89,-85,-83,-43,-44,-25,-31,-24,-71,-72,-79,-89,-207,-123,-245,-116,-386,-203,-358,-351,-1017,-1012,-1074,-1027,-1975,-1916,-1931,-1597,-12839,-12839,-12840,-12840,-29985,-29986,-29986,-29987,-29991,-29992,-29998,-29999,-29999]} 1. Nf3 c5 2. g3 g6 3. Bg2 Bg7 4. O-O Nc6 5. d3 e5 6. c4 Nge7 7. Nc3 d6 8. a3 O-O 9. Rb1 a5 10. Ne1 Be6 11. Nd5 Rb8 12. Nc2 b5 13. Nce3 (13. b4 $11) 13... b4 {A37: Symmetrical English vs ...g6: 4 Bg2 Bg7 5 Nf3} 14. axb4 (14. b3 Qd7 15. axb4 Nxb4 16. Nxe7+ Qxe7 17. Bd2 Qd7 18. Ra1 e4 19. dxe4 Bxa1 20. Qxa1 Nc6 21. f4 {1-0 (31) Radjabov,T (2788)-Kotsur,P (2548) Astana 2012}) 14... axb4 15. Ra1 f5 {[%cal Bf7f5,Bf5f4][%mdl 32] Black has an edge.} 16. Ra6 $146 ({Predecessor:} 16. Ra4 f4 17. Nc2 Qd7 18. Nxe7+ Nxe7 19. b3 Bh3 20. Bd2 Bxg2 21. Kxg2 {0-1 (31) Kocsis,J (2250)-Dobos,J (2380) Hungary 1997}) 16... f4 17. Nxe7+ Nxe7 18. Nd5 Nxd5 19. cxd5 Bc8 20. Ra7 Qb6 21. Qa4 Bg4 22. h3 Bc8 $36 {[%mdl 2048] Black fights for an advantage.} 23. g4 Rb7 24. Ra6 Qd8 25. Bd2 {[#]} (25. Qc6 $17) 25... h5 (25... e4 $1 $19 {[%mdl 512]} 26. Bxe4 (26. dxe4 Bxb2) 26... Bxb2) 26. gxh5 (26. Qc6 $17 {keeps fighting.} Rd7 27. Ra8) 26... Qg5 (26... gxh5 $19 {and Black stays clearly on top. Hoping for ...Bh6.} 27. Ra8 Qg5) 27. Kh2 $2 {[%mdl 8192]} (27. Rxd6 $17 gxh5 28. Qc6) 27... Qxh5 (27... e4 $142 28. Rxd6 Qe5 29. Rxg6 f3+ 30. Rg3 fxg2) 28. Rxd6 $2 (28. Ra8) 28... e4 $19 ({Not} 28... Qxe2 29. Qd1 $17) 29. Re6 $2 (29. f3 exd3 30. exd3) 29... f3 {[#] White must now prevent ...Be5+.} 30. exf3 exf3 {aiming for ...Be5+.} 31. Rfe1 Bxe6 32. dxe6 fxg2 33. e7 Be5+ 34. f4 Rxe7 35. fxe5 Rf3 {Black mates.} 36. Qa8+ Kh7 37. Qc8 Rf1 {[%csl Gf1][%cal Rg2g1]} 38. Kxg2 Qf3+ 39. Kh2 Qf2# {Precision: White = 16%, Black = 51%.} 0-1

[Event "RUS-chT Blitz Men 2018"]
[Site "Sochi"]
[Date "2018.10.10"]
[Round "5"]
[White "Khanin, Semen"]
[Black "Afanasiev, Nikita"]
[Result "0-1"]
[WhiteElo "2510"]
[BlackElo "2487"]
[Annotator "TA"]
[PlyCount "111"]
[EventDate "2018.10.10"]
[EventType "swiss"]
[EventCountry "RUS"]
[SourceTitle "playchess.com"]
[Source "ChessBase"]
[SourceQuality "1"]

{[%evp 13,111,42,42,36,43,27,42,43,40,41,34,33,68,51,49,45,85,89,89,81,81,89,101,86,97,76,127,70,64,-20,-28,-10,0,-37,-32,-39,-34,-32,-4,-92,-79,-116,-125,-367,-248,-229,-229,-213,-108,-117,-16,-16,-11,-16,-11,-11,0,-18,-1,-78,-75,-97,-127,-222,-105,-246,-232,-450,-444,-387,-155,-2106,-1952,-2081,-2037,-4133,-3299,-2095,-5501,-6514,-11238,-8129,-6653,-6079,-5110,-2803,-2324,-1547,0,-29957,-29957,-7112,-1952,-29966,-11335,-29971,-29972,-6423,-6390,-2524]} 1. e4 g6 2. d4 Bg7 3. Nf3 d6 4. Bc4 a6 5. Qe2 (5. c3 e6 6. Bb3 Ne7 7. O-O O-O 8. Nbd2 Nd7 9. Re1 h6 10. Nf1 b6 11. Ng3 Bb7 12. Bd2 c5 {1-0 (47) Gonzalez Vidal,Y (2559)-Shabalov,A (2584) Greensboro 2018}) 5... e6 6. a4 {B06: Modern Defence} b6 7. O-O Ne7 {LiveBook: 8 Games} 8. Bf4 {White is slightly better.} h6 9. Bg3 Nd7 10. Nbd2 Bb7 11. c3 O-O 12. Rfe1 $146 ({Predecessor:} 12. Bd3 e5 13. dxe5 dxe5 {½-½ (76) Sadhwani,R (2314)-Konguvel,P (2388) Pardubice 2017}) 12... Kh8 13. b4 Nf6 14. h3 Nd7 15. a5 b5 16. Bd3 Re8 17. Rac1 f5 18. Bh4 {And now exf5 would win.} Nf6 19. e5 Nh5 (19... Nfd5 $142) 20. exd6 (20. g3 $16) 20... Qxd6 $14 21. Qxe6 ({White should play} 21. Bxe7 $14 Rxe7 22. Qe3) 21... Qxe6 $11 22. Rxe6 Nf4 23. Rxe7 Rxe7 24. Bxe7 {Strongly threatening Bf1.} Nxd3 25. Rd1 $1 Re8 26. Nb3 (26. Bc5 $1 $11) 26... Nb2 27. Rb1 Na4 28. Bh4 $2 (28. Bc5 $17 {keeps fighting.}) 28... Nxc3 29. Re1 Rxe1+ 30. Nxe1 Nd5 (30... g5 $1 $19 {[%cal Rg5h4]} 31. Bg3 f4) 31. Nd3 $17 Bc8 ({Better is} 31... g5 $17 32. Bg3 f4) 32. Bg3 $11 Kg8 33. Be5 Bf8 34. Nbc5 Kf7 35. f3 g5 36. Kf2 (36. g3 $11 {remains equal.}) 36... f4 $17 37. h4 Bf5 38. hxg5 (38. Ne4 $17 {might work better.}) 38... hxg5 (38... Bxd3 $1 $19 {is more deadly.} 39. Nxd3 hxg5) 39. Ke2 (39. Ne4 $17) 39... Bxd3+ $1 $19 40. Kxd3 $2 (40. Nxd3 c6 41. g3) 40... Nxb4+ {[%mdl 4096] Endgame KBN-KBN} 41. Ke4 {[#]} c6 (41... Bxc5 $1 $19 42. dxc5 c6) 42. Kf5 $2 (42. Nb3 $17) 42... Bxc5 43. dxc5 {KB-KN} Nd3 44. Bd4 Ne1 45. Kxg5 Nxg2 46. Kf5 b4 47. Ke5 Ke7 48. Ke4 Ke6 49. Bb2 Ne1 50. Bc1 {[#]} Ng2 $2 ({Black should try} 50... b3 $1 $19 {Hoping for ...Ng2.} 51. Bb2 Ng2) 51. Kd4 $2 {[%mdl 8192]} (51. Bb2 $11 Ne3 52. Bc1) 51... Kf5 (51... Ne3 $2 52. Bd2 $19) 52. Kd3 Ke5 (52... b3 $142 53. Kc3 Ne1 54. Kxb3 Nxf3) 53. Bb2+ Kd5 54. Bc1 Kxc5 55. Bb2 Kb5 56. Kd4 {Precision: White = 30%, Black = 51%.} 0-1

[Event "RUS-chT Blitz Men 2018"]
[Site "Sochi"]
[Date "2018.10.10"]
[Round "5"]
[White "Triapishko, Alexandr"]
[Black "Chos, Alexey"]
[Result "1-0"]
[WhiteElo "2508"]
[BlackElo "2296"]
[Annotator "TA"]
[PlyCount "85"]
[EventDate "2018.10.10"]
[EventType "swiss"]
[EventCountry "RUS"]
[SourceTitle "playchess.com"]
[Source "ChessBase"]
[SourceQuality "1"]

{[%evp 9,85,-4,-5,-12,-8,-13,0,-28,0,0,8,3,22,17,20,14,14,0,-9,-17,-22,-18,-10,-19,0,-18,-18,-25,-38,-51,-43,-67,-72,-65,-55,-41,-28,-28,-10,-33,386,389,412,413,511,493,633,636,635,632,700,685,639,642,722,709,724,674,722,697,764,749,921,920,986,979,959,958,1134,1127,29982,29976,29972,29974,29983,29984,29985,29986]} 1. d4 Nf6 2. Nc3 d5 3. Bf4 e6 4. Nb5 Na6 5. e3 Be7 (5... c6 6. Nc3 Nc7 7. Nf3 Bd6 8. Ne5 O-O 9. Qf3 Bb4 10. Bd3 Nb5 11. O-O Nxc3 12. bxc3 Bxc3 {0-1 (33) Jobava,B (2690)-Anand,V (2782) Riadh 2017}) 6. h3 {D00: 1 d4 d5: Unusual lines} O-O 7. Nf3 Ne4 8. Nd2 {The position is equal.} Nf6 $146 ({Predecessor:} 8... f5 9. Nxe4 fxe4 10. Be2 c6 11. Nc3 c5 {1-0 (34) Meessen,R (2285)-Wessendorf,T (2273) Germany 2017}) 9. Be2 c6 10. Nc3 b5 11. O-O b4 12. Na4 c5 13. dxc5 Nxc5 14. Nxc5 Bxc5 15. Bd3 a5 16. Qe2 Qb6 17. Bg5 Be7 18. e4 {[#] Strongly threatening e5.} h6 19. Be3 {[%cal Bg5e3,Be3d4,Bd4c5][%mdl 32]} Qc7 20. Rfe1 dxe4 21. Nxe4 Bb7 22. Bd4 Nxe4 23. Bxe4 Rad8 24. Rad1 Bc5 $2 {[%mdl 8192]} (24... Qf4 $15 {stays ahead.}) 25. Bxc5 $18 Bxe4 26. Bxf8 ({Stronger than} 26. Qxe4 Qxc5 27. Qe2 Rc8 $15) 26... Rxd1 27. Rxd1 Bb7 28. Bd6 Qc6 {[%csl Gb7][%cal Rc6g2] [#]} 29. f3 Qc8 30. Rd2 Bd5 31. b3 Qb7 32. Bc5 Qc7 33. Bf2 f6 34. Qe3 Qc6 35. Qc5 Qb7 36. Qxa5 Kh7 37. c4 bxc3 38. Qxc3 f5 39. Qe5 Qb4 40. Rxd5 {White mates.} exd5 41. Qxf5+ Kg8 42. Qxd5+ Kh7 43. Qe4+ {Precision: White = 47%, Black = 42%.} 1-0

[Event "RUS-chT Blitz Men 2018"]
[Site "Sochi"]
[Date "2018.10.10"]
[Round "5"]
[White "Kozionov, Kirill"]
[Black "Kezin, Roman"]
[Result "0-1"]
[WhiteElo "2458"]
[BlackElo "2471"]
[Annotator "TA"]
[PlyCount "266"]
[EventDate "2018.10.10"]
[EventType "swiss"]
[EventCountry "RUS"]
[SourceTitle "playchess.com"]
[Source "ChessBase"]
[SourceQuality "1"]

{[%evp 11,266,12,16,25,16,0,1,11,40,31,31,36,31,0,0,0,0,0,0,1,-1,-124,-18,-55,-57,-59,-7,-4,0,-323,250,272,247,-185,-189,-164,-60,-118,-125,-157,-37,-70,-8,-10,-24,-24,74,74,84,-146,-145,-173,-159,-164,-166,-164,-168,-169,-82,-86,-103,-155,-14,-6,0,0,0,0,0,0,0,0,0,-78,-78,-125,16,10,7,0,0,-6,0,-28,0,-65,0,-102,-103,-120,-120,-127,-102,-103,-109,-111,-92,-173,-131,-139,0,0,0,0,14,0,0,0,0,0,15,0,0,-2,0,0,0,-2,0,0,18,7,17,0,0,0,9,0,0,0,10,18,18,18,18,0,0,-526,0,-10,0,-20,0,0,0,0,0,0,8,7,67,0,0,0,0,0,0,0,0,0,0,0,0,0,0,0,0,0,26,0,0,-8,-8,-325,-337,-5536,-5069,-1130,-218,-271,-73,-72,-62,-62,0,-103,-57,-69,-18,-20,-14,-22,-14,-22,-22,-22,0,-22,-8,-8,0,-22,0,-24,0,-7,-8,-8,0,0,0,0,8,8,8,0,0,-280,0,-22,-8,-65,-18,-13,0,0,0,-8,-8,-8,-8,-22,-18,-153,-60,-294,-14,-26,-8,-14,-8,-29968,-29970,-29973,-29976,-29979,-29980,-29979,-29980,-29980,-29981,-29980,-29980,-29989,-29990,-29990,-29986]} 1. d4 d5 2. c4 e6 3. Nf3 Nf6 4. Nc3 c6 5. Bg5 dxc4 6. a4 b5 7. axb5 {D44: Semi-Slav: Botvinnik System} cxb5 8. Nxb5 {Black should prevent e4.} Qb6 $1 {[%cal Rb6b5]} 9. Na3 {The position is equal.} (9. Nc3 Qxb2 10. Bd2 Bb4 11. Rb1 Qa3 12. Nb5 Bxd2+ 13. Qxd2 Qe7 14. e3 O-O 15. Bxc4 {½-½ (64) Melkumyan,H (2633)-Salem,A (2638) Sitges 2017}) 9... Qxb2 {...Bb4+ is the strong threat.} 10. Nxc4 Bb4+ $1 11. Bd2 Bxd2+ 12. Nfxd2 Qxd4 13. e3 Qc5 $1 14. Ra5 Qc7 15. Qa4+ $146 Nc6 $1 16. Ne5 (16. Rc5 $11 Bd7 17. g3) 16... Bd7 (16... Qxa5 $17 17. Qxc6+ Ke7) 17. Nxd7 Nxd7 ({Don't go for} 17... Qxd7 $2 18. Bb5 $18) 18. Ra6 Nce5 (18... Ncb8 $15 19. Ra5 O-O) 19. Qa3 $11 Rc8 $36 {[%mdl 2048] Black fights for an advantage.} 20. Ke2 $2 {[%mdl 8192]} (20. f4 $11) 20... f5 $4 {[%mdl 8192]} (20... Nc5 $19 21. Rxa7 Qd6) 21. Rxe6+ $18 Kf7 {[%cal Be8f7,Bf7f6,Bf6g6,Bg6h7][%mdl 32]} 22. Re7+ $4 {[%mdl 8192]} (22. Qe7+ $1 $18 {is the narrow road to win.} Kg8 23. Rd6) 22... Kf6 $1 $19 23. f4 Nc6 (23... Nd3 $19 24. g4 Qc5 25. Qxd3 Kxe7 26. Qxf5 Qxf5 27. gxf5 Rc2) 24. Rxd7 $1 $15 Qxd7 25. Nc4 Rcd8 (25... Rhd8 $17 26. Qa1+ Kf7) 26. Kf2 h6 (26... Rhe8 $15) 27. Be2 $11 Kg6 28. Rd1 $1 {[%cal Rd1d7]} Qe7 (28... Qe6 $11 {keeps the balance.} 29. Qa6 Rxd1 30. Bxd1 Kh7) 29. Qa6 $1 $16 Qf6 {[#]} 30. Rc1 $2 (30. Qxc6 $1 $16 {[%mdl 512] is forced if you want to stay better.} Qxc6 31. Ne5+ Kf6 32. Nxc6 Rxd1 33. Bxd1) 30... Kh7 $1 $17 31. Bf3 Nb4 32. Qxf6 Nd3+ 33. Kg3 gxf6 34. Ra1 Rhg8+ (34... Rd7 $1 $19 {is more deadly.} 35. Be2 Rc8) 35. Kh4 Rg7 36. Na5 (36. Ra6 $142) 36... Nc5 (36... Nb4 $1 $17 37. Rc1 Nd5) 37. Nc6 $1 $11 {[%cal Rc6d8]} Rd2 38. Ra5 Rc2 39. Nd4 Rc3 40. Nxf5 Rc7 41. Ra1 Ne6 42. Rd1 (42. Ra6 $11 {remains equal.} Kg6 43. Ng3) 42... Ng7 $17 43. Ng3 Rc1 (43... Rxe3 $17 44. Be4+ Kg8) 44. Rd6 f5 45. Rd8 Rc8 46. Rd7 R1c7 47. Rd6 Rf8 48. Ne2 (48. Nh5 $11) 48... Re7 ({Black should try} 48... Re8 $15 49. Nd4 a5) 49. Rd3 (49. Ra6 $11) 49... Rfe8 50. Ra3 Rxe3 51. Ra2 R8e7 52. Nd4 Rd3 53. Nc6 Rc7 $1 54. Nxa7 (54. Ne5 $17 {was worth a try.} Rd6 55. g3) 54... Rb3 55. Ra6 Ne8 (55... Rc4 $17 56. h3 Rxf4+ 57. Kg3 Rc4) 56. Nc6 $11 Ng7 57. Ne5 Rbc3 58. Ra8 Rc8 59. Ra7 R3c7 60. Ra6 Re7 61. Ra4 Rcc7 62. Rb4 Re6 63. g3 Rd6 64. Rb2 Ra7 65. Be2 Re6 66. Bc4 Rd6 67. Bf7 Rf6 68. Bd5 Ra5 69. Bf3 Ra7 70. Rb8 Rfa6 71. Bd5 {Black must now prevent Bg8+.} Ne6 72. Nc6 Rc7 73. Ne5 Rd6 74. Ba2 $2 {[%mdl 8192]} (74. Bxe6 $11 Rxe6 75. Rf8) 74... Nd4 $2 ({Better is} 74... Rd2 $19 {[%cal Rd2h2]} 75. h3 Rxa2) 75. Bb3 Kg7 76. Bc4 Nf3+ 77. Nxf3 {Strongly threatening Ne5.} Rxc4 {[%mdl 4096] Endgame KRR-KRN} 78. Rb7+ Kf6 79. Ne5 Rc2 {[%cal Rc2h2]} 80. h3 Ke6 (80... Ra6 $11) 81. Rh7 (81. Nf7 $1 $14 Rd5 82. Nxh6) 81... Kd5 82. Rf7 Ke4 83. Re7 Kd5 84. Rf7 Ke4 85. Re7 Kd5 86. Rf7 Ke6 87. Rh7 Kd5 88. Rf7 Ke4 89. Re7 Rd1 90. Nf7+ (90. Ng4+ $5 Kf3 91. Re3+ Kg2 92. Nxh6 $11) 90... Kf3 91. Ne5+ Kg2 {Black wants to play ...Rh1.} 92. Ng6 $2 {[%mdl 8192]} (92. Re6 $11 {and White has nothing to worry.}) 92... Rd3 $19 ({Don't do} 92... Rh1 93. Kh5 $19) 93. Ne5 $2 (93. Kh5 Kxh3 94. Kxh6) 93... Rxg3 {[%csl Gg2][%cal Rg3h3]} 94. Kh5 Rxh3+ $2 (94... Kxh3 95. Ng6 Kh2 96. Kxh6 Rc6) 95. Kg6 Rf2 $2 (95... h5 $19 {and Black stays clearly on top.} 96. Kxf5 h4) 96. Kxf5 $17 Rh4 97. Ng6 Rh3 ({Black should play} 97... Rh1 $15 98. Kg4 Kh2) 98. Rg7 (98. Ne5 $11) 98... Kf1 99. Rh7 h5 (99... Ra2 $15 100. Ne5 Rh4) 100. Kf6 Ke2 101. f5 Ke3 102. Kg5 Rg2+ 103. Kf6 Rf2 104. Kg5 Rg3+ 105. Kf6 $1 Rh3 106. Kg5 Rg2+ 107. Kf6 Ke4 108. Re7+ Kf3 109. Ra7 {And now Ra3+ would win.} Re2 110. Ra3+ Re3 111. Ra2 Ke4 112. Ra4+ Kf3 113. Ne5+ Kg3 114. Ra2 $2 {[%mdl 8192]} (114. Ng6 $11) 114... Rh2 $2 (114... Rh4 $19 {Hoping for ...Rb4.} 115. Ra5 Rhe4) 115. Ra8 Rhe2 116. Rg8+ (116. Ng6 $1 $11) 116... Kf4 (116... Kh3 $5 {[%cal Re3e5]} 117. Ng6 Rf2 $17) 117. Ng6+ Ke4 118. Rh8 Rh2 119. Re8+ Kd4 120. Rd8+ Kc5 121. Nf4 h4 122. Ne6+ {[#]} (122. Kg5 $11) 122... Kc4 (122... Kb5 $1 $17 123. Rh8 Rh1) 123. Rd4+ $2 {[#]} (123. Rh8 $15) 123... Kc3 $2 (123... Kb5 $1 $19 {aiming for ...h3.} 124. Ng5 Rg3) 124. Rg4 h3 125. Rh4 Rf2 126. Ng5 $2 {[%mdl 8192]} (126. Nf4 $11 Re4 127. Nxh3 Rxf5+ 128. Kxf5 Rxh4 129. Ng5) 126... h2 {Black mates.} 127. Kg6 Re1 128. f6 Kb2 129. Rb4+ Ka3 130. Rh4 h1=Q 131. Rxh1 Rxh1 132. f7 Rg1 133. Kh6 Rxg5 {Precision: White = 43%, Black = 30%.} 0-1